000 00887cab a2200277 4500
001 ABS59169
008 090401t1998 xxu||||| |||| 00| 0 eng d
035 _a(Sirsi) u88215
041 _aeng
100 _aMinton, A.
245 _aStreetwise builders
260 _c1998
350 _a0
490 _aEstates Gazette
_v(9832) 8 August 1998, 40-41(2)
520 _aDiscusses the Development Trust Association and the general growth in development trusts. Considers the implications of the growing interest in ethical investment. Includes several case studies.
650 _aCOMMUNITY PROJECTS
650 _aDEVELOPMENT TRUST ASSOCIATION
650 _aDEVELOPMENT TRUSTS
650 _aETHICAL INVESTMENT
650 _aGROWTH
650 _aLOCAL COMMUNITIES
650 _aSOCIAL HOUSING
690 _aPROPERTY-PROPERTY DEVELOPMENT
942 _n0
948 _c02/09/1998
999 _c55727
_d55727